00907nab a2200253uuc450000100070000000500170000700800410002403500110006503500210007604000130009704100080011010000390011824500800015765000480023765000610028565000260034665000180037265000470039070000420043770000420047977301030052194200100062499900190063498997320240926090122.0060824e20060501 spa  a989973 a(OCoLC)820361333 ccomduadb aspa10aTomas Alonso, F.4auteaut942364410aViabilidad de proceso DSRP para la desulfuracion de gases en centrales GICC aDesulfuracion de gases de combustion947542 aIGCC (Gasificacion integrada con ciclo combinado)972270 aGasificación942012 aAzufre918525 7aSimulación por computadores2lemb99092910aPastor Ortiz, P. A.4auteaut942364610aPallares Ruiz, A.J.4auteaut95494850 tIngeniería Química (Madrid)gVol. 38, No. 436, May. 2006, p. 136-141w102048x0210-2064089813 cARIMP c384327d384327